[Event "World Junior Chess Championship U18 b"]
[Site "Gaziantep"]
[Date "2008.08.07"]
[Round "6.6"]
[White "Leon Hoyos, Manuel"]
[Black "Andreikin, Dmitry"]
[Result "1/2-1/2"]
[WhiteElo "2543"]
[BlackElo "2604"]
[PlyCount "27"]
[EventDate "2008.08.??"]
[EventType "swiss"]
[EventRounds "13"]
[EventCountry "TUR"]

1. e4 e5 2. Nf3 Nc6 3. Bb5 Nf6 4. O-O Nxe4 5. Re1 Nd6 6. Nxe5 Be7 7. Bf1 Nxe5
8. Rxe5 O-O 9. d4 Bf6 10. Re1 Nf5 11. c3 d5 12. Bf4 Nh4 13. Nd2 c6 14. Nb3
1/2-1/2

[Event "World Junior Chess Championship U18 b"]
[Site "Gaziantep"]
[Date "2008.08.07"]
[Round "6.7"]
[White "Ramirez, Alejandro"]
[Black "Baramidze, David"]
[Result "1-0"]
[WhiteElo "2531"]
[BlackElo "2593"]
[PlyCount "83"]
[EventDate "2008.08.??"]
[EventType "swiss"]
[EventRounds "13"]
[EventCountry "TUR"]

1. c4 e6 2. Nc3 d5 3. d4 Nf6 4. cxd5 exd5 5. Bg5 c6 6. e3 Bf5 7. Qf3 Bg6 8.
Bxf6 gxf6 9. Qd1 Nd7 10. Bd3 Bd6 11. Nge2 f5 12. h4 Nf6 13. Qc2 Qd7 14. O-O-O
h5 15. Nf4 Bxf4 16. exf4 O-O-O 17. f3 Ne8 18. Rhe1 Kb8 19. Re5 Ng7 20. Rde1 Ne6
21. Ne2 c5 22. dxc5 Nxc5 23. Nc3 Rc8 24. Kb1 Qd6 25. Nb5 Qd8 26. Qd2 a6 27. Nd4
Qxh4 28. Bxf5 Rhg8 29. Bxg6 fxg6 30. f5 gxf5 31. Nxf5 Qh2 32. Ne7 Ne4 33. fxe4
Qxe5 34. Nxc8 Rxc8 35. exd5 Qf5+ 36. Ka1 Rc2 37. Re8+ Kc7 38. Qa5+ Kd6 39. Qb6+
Rc6 40. Qd8+ Kc5 41. Qa5+ Kd6 42. dxc6 1-0

[Event "World Junior Chess Championship U18 b"]
[Site "Gaziantep"]
[Date "2008.08.07"]
[Round "6.8"]
[White "Zhigalko, Sergei"]
[Black "Brkic, Ante"]
[Result "1/2-1/2"]
[WhiteElo "2583"]
[BlackElo "2530"]
[PlyCount "93"]
[EventDate "2008.08.??"]
[EventType "swiss"]
[EventRounds "13"]
[EventCountry "TUR"]

1. e4 e5 2. Nf3 Nc6 3. Bb5 a6 4. Ba4 Nf6 5. O-O Be7 6. Re1 b5 7. Bb3 O-O 8. a4
b4 9. d3 d6 10. Nbd2 Na5 11. Ba2 Be6 12. Bxe6 fxe6 13. c3 bxc3 14. bxc3 c5 15.
d4 exd4 16. cxd4 cxd4 17. Nxd4 Qd7 18. Bb2 Rfc8 19. Rc1 Rab8 20. Rxc8+ Qxc8 21.
Ba1 Nc4 22. N2f3 h6 23. h3 Nb2 24. Qe2 Nxa4 25. e5 dxe5 26. Qxe5 Nc5 27. Nc6
Rb7 28. Nxe7+ Rxe7 29. Rc1 Nfd7 30. Qd6 Qf8 31. Rxc5 Nxc5 32. Qxc5 Rb7 33. Qc3
Qb8 34. g3 Qc7 35. Qe1 Qc6 36. Nd4 Qd5 37. Bc3 e5 38. Nf5 e4 39. Ne3 Qd3 40.
Kg2 Rb1 41. Qd2 Qxd2 42. Bxd2 Rb2 43. Be1 Rb1 44. Bc3 Rb3 45. Be1 Rb1 46. Bd2
Rb2 47. Be1 1/2-1/2

[Event "World Junior Chess Championship U18 b"]
[Site "Gaziantep"]
[Date "2008.08.07"]
[Round "6.9"]
[White "Melkumyan, Hrant"]
[Black "So, Wesley"]
[Result "1/2-1/2"]
[WhiteElo "2507"]
[BlackElo "2577"]
[PlyCount "99"]
[EventDate "2008.08.??"]
[EventType "swiss"]
[EventRounds "13"]
[EventCountry "TUR"]

1. d4 Nf6 2. c4 e6 3. Nf3 b6 4. g3 Ba6 5. b3 Bb4+ 6. Bd2 Be7 7. Bg2 O-O 8. O-O
c6 9. Qc2 d5 10. Rd1 Nbd7 11. Bf4 Rc8 12. Nc3 Qe8 13. e4 dxc4 14. bxc4 Bxc4 15.
Nd2 Ba6 16. Qa4 Bd3 17. Qxa7 Ra8 18. Qb7 Qc8 19. Qxc8 Rfxc8 20. Nf1 Ba6 21.
Rac1 Bb4 22. Ne3 h6 23. g4 g5 24. Bg3 Bb7 25. h3 Ra3 26. Nc2 Rxc3 27. Nxb4 Rxc1
28. Rxc1 c5 29. e5 Bxg2 30. exf6 Bxh3 31. f3 Ra8 32. dxc5 bxc5 33. Nd3 Nxf6 34.
Nf2 Bxg4 35. Nxg4 Nxg4 36. fxg4 Rxa2 37. Rc4 Rb2 38. Bd6 Rb4 39. Rxb4 cxb4 40.
Bxb4 Kg7 41. Kg2 Kg6 42. Kg3 h5 43. gxh5+ Kxh5 44. Bc3 Kg6 45. Kg4 f6 46. Bb2
e5 47. Kf3 Kf5 48. Kg3 e4 49. Bd4 Kg6 50. Be3 1/2-1/2

[Event "World Junior Chess Championship U18 b"]
[Site "Gaziantep"]
[Date "2008.08.07"]
[Round "6.10"]
[White "Arun, Prasad Subramanian"]
[Black "Kravtsiv, Martyn"]
[Result "1/2-1/2"]
[WhiteElo "2492"]
[BlackElo "2555"]
[PlyCount "84"]
[EventDate "2008.08.??"]
[EventType "swiss"]
[EventRounds "13"]
[EventCountry "TUR"]

1. d4 Nf6 2. c4 e6 3. Nc3 Bb4 4. Nf3 c5 5. g3 O-O 6. Bg2 cxd4 7. Nxd4 d5 8.
cxd5 Nxd5 9. Bd2 Nxc3 10. bxc3 Ba5 11. O-O e5 12. Nb3 Bb6 13. c4 Nc6 14. c5 Bc7
15. Bc3 Be6 16. Qc1 Qe7 17. Qe3 f6 18. Rab1 Rab8 19. Rb2 Rfd8 20. Rfb1 Qf7 21.
a3 Ne7 22. Na5 b6 23. Nc6 Nxc6 24. Bxc6 Ba2 25. Ra1 Bd5 26. Bxd5 Rxd5 27. Rab1
Rbd8 28. Bb4 f5 29. Rc2 Rd1+ 30. Rxd1 Rxd1+ 31. Kg2 Qd5+ 32. f3 h6 33. cxb6
Bxb6 34. Bc5 Rb1 35. Bxb6 Qd1 36. Rc8+ Kh7 37. Qg1 Qxe2+ 38. Qf2 Qa6 39. Rf8
axb6 40. Rxf5 Qxa3 41. Rxe5 Rb2 42. Re2 Rxe2 1/2-1/2

[Event "World Junior Chess Championship U18 b"]
[Site "Gaziantep"]
[Date "2008.08.07"]
[Round "6.11"]
[White "Khamrakulov, Dzhurabek"]
[Black "Wen, Yang"]
[Result "1/2-1/2"]
[WhiteElo "2554"]
[BlackElo "2487"]
[PlyCount "22"]
[EventDate "2008.08.??"]
[EventType "swiss"]
[EventRounds "13"]
[EventCountry "TUR"]

1. e4 e5 2. Nf3 Nc6 3. d4 exd4 4. Nxd4 Bc5 5. Nb3 Bb6 6. Nc3 Nf6 7. a4 a6 8.
Qe2 d6 9. Be3 Bxe3 10. Qxe3 O-O 11. O-O-O Be6 1/2-1/2

[Event "World Junior Chess Championship U18 b"]
[Site "Gaziantep"]
[Date "2008.08.07"]
[Round "6.12"]
[White "Swiercz, Dariusz"]
[Black "Gupta, Abhijeet"]
[Result "0-1"]
[WhiteElo "2456"]
[BlackElo "2551"]
[PlyCount "106"]
[EventDate "2008.08.??"]
[EventType "swiss"]
[EventRounds "13"]
[EventCountry "TUR"]

1. e4 e5 2. Nf3 Nc6 3. Bb5 a6 4. Ba4 Nf6 5. O-O Be7 6. d4 exd4 7. e5 Ne4 8.
Nxd4 O-O 9. Nf5 d5 10. Nxe7+ Nxe7 11. c3 Nc6 12. f4 Ne7 13. Bc2 Be6 14. Nd2
Nxd2 15. Bxd2 Qd7 16. Qf3 Bg4 17. Qf2 Bf5 18. Bb3 a5 19. a4 b6 20. h3 c5 21. g4
Be4 22. Rfe1 Rad8 23. Qg3 Nc6 24. Be3 Rfe8 25. Bf2 Qb7 26. Rad1 c4 27. Ba2 b5
28. axb5 Qxb5 29. Rd2 a4 30. Qe3 g5 31. Qb6 Qxb6 32. Bxb6 Rb8 33. Bc7 Rbc8 34.
Bd6 gxf4 35. e6 Rxe6 36. Bxf4 Bd3 37. Rxe6 fxe6 38. Rf2 Rf8 39. Bd6 Rxf2 40.
Kxf2 e5 41. Ke3 Kf7 42. Bc5 Ke6 43. h4 d4+ 44. cxd4 Kd5 45. Bf8 exd4+ 46. Kf4
Bc2 47. g5 Ne5 48. h5 Nd3+ 49. Kf3 Nc1 50. g6 hxg6 51. h6 g5 52. Kg4 Nxa2 53.
Kxg5 Be4 0-1

[Event "World Junior Chess Championship U18 b"]
[Site "Gaziantep"]
[Date "2008.08.07"]
[Round "6.13"]
[White "Can, Emre"]
[Black "Mamedov, Rauf"]
[Result "1/2-1/2"]
[WhiteElo "2460"]
[BlackElo "2627"]
[PlyCount "63"]
[EventDate "2008.08.??"]
[EventType "swiss"]
[EventRounds "13"]
[EventCountry "TUR"]

1. e4 c5 2. Nf3 a6 3. c3 d6 4. d4 Qc7 5. Bd3 g6 6. O-O Bg7 7. h3 Nd7 8. Qe2 e5
9. dxe5 dxe5 10. a4 Ne7 11. Na3 O-O 12. Bg5 Nf6 13. Nc4 Nh5 14. Bxe7 Qxe7 15.
Nb6 Nf4 16. Qc2 Rb8 17. Nxc8 Rfxc8 18. a5 c4 19. Be2 Rc7 20. Ra4 Rbc8 21. Rd1
Qf6 22. Kh2 h5 23. g3 Ne6 24. Kg2 Ng5 25. Nxg5 Qxg5 26. h4 Qf6 27. Qb1 Bf8 28.
Rd5 Bc5 29. Qf1 Ba7 30. Rd2 Qe6 31. Rd5 Qf6 32. Rd2 1/2-1/2

[Event "World Junior Chess Championship U18 b"]
[Site "Gaziantep"]
[Date "2008.08.07"]
[Round "6.14"]
[White "Laznicka, Viktor"]
[Black "Georgescu, Tiberiu"]
[Result "1-0"]
[WhiteElo "2601"]
[BlackElo "2442"]
[PlyCount "116"]
[EventDate "2008.08.??"]
[EventType "swiss"]
[EventRounds "13"]
[EventCountry "TUR"]

1. Nf3 Nf6 2. c4 g6 3. Nc3 Bg7 4. e4 d6 5. d4 O-O 6. Be2 e5 7. d5 a5 8. Bg5 h6
9. Bh4 Na6 10. Nd2 Qe8 11. a3 Bd7 12. b3 Nh7 13. O-O f5 14. exf5 gxf5 15. Bh5
Qb8 16. Be7 Rc8 17. Bg6 Nf8 18. Qh5 Be8 19. Bxe8 Rxe8 20. Bh4 Qc8 21. g4 e4 22.
gxf5 Re5 23. Kh1 Qxf5 24. Qxf5 Rxf5 25. Ndxe4 Ng6 26. Bg3 Rf3 27. Rac1 h5 28.
Rg1 Bxc3 29. Rxc3 Rxc3 30. Nxc3 Kf7 31. h4 Re8 32. Kg2 Nc5 33. b4 axb4 34. axb4
Nd3 35. Rd1 Nb2 36. Rd4 Re1 37. c5 Rc1 38. Ne4 Rc4 39. Rxc4 Nxc4 40. cxd6 cxd6
41. Kf3 Ke7 42. Ke2 Nge5 43. f4 Ng4 44. f5 Nf6 45. Kd3 Nxe4 46. Kxe4 b5 47. Be1
Nb6 48. Bc3 Kf7 49. Ba1 Nd7 50. Bd4 Nf8 51. Bc5 dxc5 52. bxc5 b4 53. c6 b3 54.
Kd3 b2 55. Kc2 b1=Q+ 56. Kxb1 Ke7 57. f6+ Kd6 58. f7 Kxd5 1-0

[Event "World Junior Chess Championship U18 b"]
[Site "Gaziantep"]
[Date "2008.08.07"]
[Round "6.16"]
[White "Geetha, Narayanan Gopal"]
[Black "Kalashian, David"]
[Result "1/2-1/2"]
[WhiteElo "2572"]
[BlackElo "2432"]
[PlyCount "169"]
[EventDate "2008.08.??"]
[EventType "swiss"]
[EventRounds "13"]
[EventCountry "TUR"]

1. e4 c5 2. Nf3 d6 3. d4 cxd4 4. Nxd4 Nf6 5. Nc3 a6 6. Be3 e5 7. Nb3 Be6 8. Qd2
Be7 9. O-O-O Nbd7 10. f4 b5 11. f5 Bc4 12. Kb1 Rc8 13. Rg1 Nb6 14. g4 b4 15.
Bxb6 Qxb6 16. Bxc4 Rxc4 17. Qd3 Rc8 18. Nd5 Nxd5 19. Qxd5 Qf2 20. Qd3 h6 21.
Nd2 Qc5 22. b3 O-O 23. Nc4 Qa7 24. Qe3 Rc5 25. Rd3 Bg5 26. Qf2 Bh4 27. Qg2 d5
28. Rxd5 Rxd5 29. exd5 Qd4 30. c3 Qd3+ 31. Qc2 Qxd5 32. Rd1 Qc5 33. cxb4 Qxb4
34. Nxe5 Qf4 35. Nd7 Re8 36. h3 a5 37. Qc4 Qf3 38. Qd3 Qf2 39. Qc2 Qf3 40. Qd3
Qf2 41. Qd5 Rc8 42. Qd2 Qf3 43. Qd3 Qc6 44. Qc4 Qxc4 45. bxc4 Rxc4 46. Rd5 Rc7
47. a4 Be7 48. Ne5 Bb4 49. Rd7 Rxd7 50. Nxd7 h5 51. gxh5 Kh7 52. Ne5 Kh6 53.
Nxf7+ Kxh5 54. Kc2 Kh4 55. Kd3 Kxh3 56. Ke4 Kg4 57. Ke5 Bc3+ 58. Ke4 Bb4 59.
Ne5+ Kg5 60. Nd7 Bc3 61. Nf8 Kf6 62. Nd7+ Kg5 63. Nf8 Kf6 64. Ng6 Bb4 65. Nf4
Bd6 66. Nd5+ Kg5 67. Ne3 g6 68. Kd5 Bb4 69. fxg6 Kxg6 70. Ke6 Kg7 71. Nd5 Be1
72. Ke7 Kg6 73. Ke6 Kg7 74. Ne7 Kf8 75. Kd7 Kf7 76. Nd5 Bd2 77. Nb6 Bb4 78. Nc8
Kf8 79. Na7 Kf7 80. Nc6 Bc3 81. Ne7 Be1 82. Nf5 Bb4 83. Ne3 Bd2 84. Nc4 Bc3 85.
Kd6 1/2-1/2

[Event "World Junior Chess Championship U18 b"]
[Site "Gaziantep"]
[Date "2008.08.07"]
[Round "6.17"]
[White "Toufighi, Tamijani Homayoon"]
[Black "Amin, Bassem"]
[Result "1/2-1/2"]
[WhiteElo "2425"]
[BlackElo "2561"]
[PlyCount "124"]
[EventDate "2008.08.??"]
[EventType "swiss"]
[EventRounds "13"]
[EventCountry "TUR"]

1. e4 e5 2. Bc4 Nc6 3. Nf3 Nf6 4. d3 Be7 5. Bb3 O-O 6. O-O d6 7. c3 Na5 8. Bc2
c5 9. Nbd2 Re8 10. Re1 Bf8 11. Nf1 h6 12. Ne3 a6 13. d4 cxd4 14. cxd4 Nc6 15.
d5 Nb4 16. Bb1 a5 17. Bd2 Na6 18. Nc4 b6 19. Be3 Nc5 20. Bxc5 bxc5 21. Re3 g6
22. Ra3 Re7 23. Qe1 Rea7 24. Bd3 Bd7 25. Nfd2 h5 26. Nb1 Qc7 27. Rb3 a4 28. Rb6
Rb8 29. Rxb8 Qxb8 30. Nc3 Bh6 31. Rb1 Kf8 32. b3 a3 33. Na4 Ke7 34. Nab6 Rb7
35. Nxd7 Kxd7 36. Na5 Rb4 37. Nc6 Qb6 38. Qe2 Ke8 39. Qf3 Ng8 40. g4 Ne7 41.
Nxb4 cxb4 42. gxh5 Bf4 43. hxg6 Nxg6 44. Rd1 Kf8 45. Bc4 Qd8 46. Qg4 Kg7 47.
Kh1 Qb6 48. Qg2 Kf8 49. Kg1 Qa7 50. h3 Qe7 51. Qg4 Kg7 52. Be2 Qc7 53. h4 Kh6
54. h5 Ne7 55. Kh1 Qc2 56. Rg1 Qxe4+ 57. Bf3 Qh7 58. Qh4 Qf5 59. Rg4 Bg5 60.
Qg3 Bf4 61. Qh4 Bg5 62. Qg3 Bf4 1/2-1/2

[Event "World Junior Chess Championship U18 b"]
[Site "Gaziantep"]
[Date "2008.08.07"]
[Round "6.18"]
[White "Tomczak, Jacek"]
[Black "Iturrizaga, Bonelli Eduardo Pat"]
[Result "1/2-1/2"]
[WhiteElo "2451"]
[BlackElo "2561"]
[PlyCount "81"]
[EventDate "2008.08.??"]
[EventType "swiss"]
[EventRounds "13"]
[EventCountry "TUR"]

1. e4 c5 2. Nf3 Nc6 3. d4 cxd4 4. Nxd4 g6 5. c4 Bg7 6. Be3 Nf6 7. Nc3 d6 8. Be2
O-O 9. O-O Bd7 10. Nc2 Be6 11. f3 Nd7 12. Qd2 Qa5 13. Rab1 Bxc3 14. bxc3 Nde5
15. Bh6 Nxc4 16. Qc1 Rfc8 17. f4 Qxc3 18. f5 Nd4 19. Nxd4 Qxd4+ 20. Kh1 Ne5 21.
Qf4 Bc4 22. Bxc4 Rxc4 23. fxg6 hxg6 24. Rxb7 Re8 25. Bg5 Qxe4 26. Qxe4 Rxe4 27.
Bxe7 d5 28. Bd6 Nc4 29. Bc5 f5 30. Rd7 Nd2 31. Rg1 Ra4 32. Bxa7 Rxa2 33. h3 Ne4
34. Rc1 Ng3+ 35. Kh2 Nh5 36. Rc6 Nf4 37. Kg3 g5 38. Bd4 Rxg2+ 39. Kf3 Rd2 40.
Rg7+ Kf8 41. Rxg5 1/2-1/2

[Event "World Junior Chess Championship U18 b"]
[Site "Gaziantep"]
[Date "2008.08.07"]
[Round "6.19"]
[White "Sjugirov, Sanan"]
[Black "Kore, Akshayraj"]
[Result "1-0"]
[WhiteElo "2545"]
[BlackElo "2392"]
[PlyCount "101"]
[EventDate "2008.08.??"]
[EventType "swiss"]
[EventRounds "13"]
[EventCountry "TUR"]

1. e4 c5 2. Nf3 Nc6 3. Bb5 g6 4. O-O Bg7 5. Re1 Nh6 6. Bxc6 bxc6 7. c3 O-O 8.
d4 cxd4 9. cxd4 f6 10. Nc3 d6 11. h3 Nf7 12. b3 Bd7 13. Bb2 Qa5 14. Qd2 Qh5 15.
Ne2 e6 16. e5 fxe5 17. dxe5 Nxe5 18. Ng5 Qh4 19. f4 Nf7 20. Bxg7 Kxg7 21. Nxf7
Rxf7 22. Qxd6 Re8 23. Qe5+ Kg8 24. Rf1 c5 25. Qxc5 Rc8 26. Qe3 Bb5 27. Rf2 Rd8
28. Qe5 Qh5 29. Qxh5 gxh5 30. Nc3 Bc6 31. Re1 Rd3 32. Ne4 Bd5 33. Nc5 Rg3 34.
Nxe6 h4 35. Ng5 Rf6 36. Rd2 Bc6 37. Rd8+ Kg7 38. Re7+ Kg6 39. Ne4 Bxe4 40. Rxe4
Kf5 41. Rc4 Ra6 42. Rd5+ Kf6 43. Rd2 Kf5 44. Kf2 Ra3 45. Rc5+ Ke4 46. Re5+ Kxf4
47. Rh5 Rg5 48. Rxh4+ Kf5 49. Rd5+ Kg6 50. Rxg5+ Kxg5 51. Ra4 1-0

[Event "World Junior Chess Championship U18 b"]
[Site "Gaziantep"]
[Date "2008.08.07"]
[Round "6.20"]
[White "Negi, Parimerjan"]
[Black "Narmontas, Matas"]
[Result "1-0"]
[WhiteElo "2529"]
[BlackElo "2369"]
[PlyCount "73"]
[EventDate "2008.08.??"]
[EventType "swiss"]
[EventRounds "13"]
[EventCountry "TUR"]

1. e4 e6 2. d4 d5 3. Nc3 Bb4 4. e5 c5 5. a3 Bxc3+ 6. bxc3 Qc7 7. Qg4 f5 8. Qg3
Qf7 9. Rb1 c4 10. h4 Nc6 11. Nh3 Nge7 12. Be2 b6 13. h5 h6 14. Nf4 Bd7 15. a4
O-O-O 16. Ba3 Rhg8 17. Qh4 Rge8 18. Kd2 Na5 19. Ra1 Nec6 20. Ng6 Kb7 21. g4 Bc8
22. Rhg1 Rd7 23. g5 Nd8 24. Rg3 Nac6 25. Rag1 hxg5 26. Rxg5 Qg8 27. Nf4 Qh8 28.
Qg3 Rg8 29. h6 g6 30. Rxg6 Rxg6 31. Qxg6 Rh7 32. Bf8 Nf7 33. Qxh7 Qxh7 34. Rg7
Qh8 35. Rxf7+ Ka6 36. Ng6 Qg8 37. Rg7 1-0

[Event "World Junior Chess Championship U18 b"]
[Site "Gaziantep"]
[Date "2008.08.07"]
[Round "6.21"]
[White "Rombaldoni, Denis"]
[Black "Ragger, Markus"]
[Result "1/2-1/2"]
[WhiteElo "2418"]
[BlackElo "2527"]
[PlyCount "52"]
[EventDate "2008.08.??"]
[EventType "swiss"]
[EventRounds "13"]
[EventCountry "TUR"]

1. d4 Nf6 2. c4 e6 3. Nf3 d5 4. Nc3 c6 5. Bg5 dxc4 6. e4 b5 7. e5 h6 8. Bh4 g5
9. exf6 gxh4 10. Ne5 Qxf6 11. a4 Bb7 12. axb5 cxb5 13. Bxc4 a6 14. Nxb5 axb5
15. Bxb5+ Kd8 16. Rxa8 Bb4+ 17. Kf1 Bxa8 18. Qa4 Bxg2+ 19. Kxg2 Rg8+ 20. Kf1
Bd6 21. Rg1 Rxg1+ 22. Kxg1 Qg5+ 23. Kf1 Qc1+ 24. Kg2 Qg5+ 25. Kf1 Qc1+ 26. Kg2
Qg5+ 1/2-1/2

[Event "World Junior Chess Championship U18 b"]
[Site "Gaziantep"]
[Date "2008.08.07"]
[Round "6.22"]
[White "Hammer, Jon Ludvig"]
[Black "Pacher, Milan"]
[Result "1-0"]
[WhiteElo "2494"]
[BlackElo "2361"]
[PlyCount "53"]
[EventDate "2008.08.??"]
[EventType "swiss"]
[EventRounds "13"]
[EventCountry "TUR"]

1. e4 c5 2. Nf3 e6 3. d4 cxd4 4. Nxd4 Nf6 5. Bd3 Nc6 6. Nxc6 bxc6 7. O-O d5 8.
Nd2 Be7 9. Qe2 O-O 10. Rd1 Qc7 11. b3 a5 12. Bb2 a4 13. Nf3 c5 14. exd5 exd5
15. Re1 Be6 16. Ng5 Ng4 17. Bxh7+ Kh8 18. Bxg7+ Kxg7 19. Nxe6+ fxe6 20. Qxg4+
Kxh7 21. Re3 Rf6 22. Rh3+ Rh6 23. Rxh6+ Kxh6 24. Re1 Rf8 25. Rxe6+ Kh7 26. Qh5+
Kg8 27. Qxd5 1-0

[Event "World Junior Chess Championship U18 b"]
[Site "Gaziantep"]
[Date "2008.08.07"]
[Round "6.23"]
[White "Caspi, Israel"]
[Black "Sanikidze, Tornike"]
[Result "0-1"]
[WhiteElo "2412"]
[BlackElo "2486"]
[PlyCount "80"]
[EventDate "2008.08.??"]
[EventType "swiss"]
[EventRounds "13"]
[EventCountry "TUR"]

1. e4 c5 2. Nf3 d6 3. d4 cxd4 4. Nxd4 Nf6 5. Nc3 Nc6 6. f3 e5 7. Nb3 Be7 8. Be3
O-O 9. Qd2 a5 10. Bb5 Be6 11. Rd1 Na7 12. Be2 Nc6 13. Bb5 Na7 14. Be2 Nc6 15.
O-O a4 16. Nc1 Ra5 17. Bb5 a3 18. Nb3 Ra8 19. bxa3 Rxa3 20. Qc1 Qa8 21. Qb2 Nb4
22. Bc1 Nxa2 23. Nb1 Ra7 24. Be3 b6 25. c4 Qb7 26. N3d2 Rfa8 27. Rf2 Ne8 28.
Nf1 Nc7 29. Rdd2 Ra5 30. Ng3 Nxb5 31. cxb5 Qd7 32. Nf5 Bf8 33. f4 Rxb5 34. Qa1
Bxf5 35. exf5 Qxf5 36. Rb2 Rxb2 37. Rxb2 Qd3 38. Bxb6 Rc8 39. h3 Rc1+ 40. Kh2
exf4 0-1

[Event "World Junior Chess Championship U18 b"]
[Site "Gaziantep"]
[Date "2008.08.07"]
[Round "6.25"]
[White "Enchev, Ivajlo"]
[Black "Lenic, Luka"]
[Result "0-1"]
[WhiteElo "2367"]
[BlackElo "2584"]
[PlyCount "82"]
[EventDate "2008.08.??"]
[EventType "swiss"]
[EventRounds "13"]
[EventCountry "TUR"]

1. d4 Nf6 2. c4 e6 3. Nc3 Bb4 4. Qc2 O-O 5. a3 Bxc3+ 6. Qxc3 b6 7. Bg5 Ba6 8.
Qf3 Nc6 9. Bxf6 Qxf6 10. Qxf6 gxf6 11. e3 Na5 12. Rc1 c5 13. d5 Nb7 14. Ne2 Nd6
15. Nf4 f5 16. Be2 Rfd8 17. O-O Kf8 18. Rc2 Ke7 19. g3 Rab8 20. a4 Ne4 21. b3
d6 22. Bf3 Bc8 23. Ne2 exd5 24. cxd5 b5 25. axb5 Rxb5 26. Nc1 Ra5 27. Na2 Ba6
28. Rfc1 Bd3 29. Rb2 Rb8 30. Bd1 c4 31. b4 Rxd5 32. f3 Nf6 33. Bc2 Ra5 34. Nc3
Rc5 35. b5 Nd5 36. Nxd5+ Rxd5 37. Ba4 Kd8 38. b6 Rc5 39. Rc3 Kc8 40. Kf2 Kb7
41. Bb5 Ra8 0-1

[Event "World Junior Chess Championship U18 b"]
[Site "Gaziantep"]
[Date "2008.08.07"]
[Round "6.26"]
[White "Papadopoulos, Ioannis"]
[Black "Anton, Teodor"]
[Result "1-0"]
[WhiteElo "2490"]
[BlackElo "2353"]
[PlyCount "79"]
[EventDate "2008.08.??"]
[EventType "swiss"]
[EventRounds "13"]
[EventCountry "TUR"]

1. d4 Nf6 2. c4 e6 3. Nf3 Bb4+ 4. Nbd2 b6 5. e3 Bb7 6. Bd3 Ne4 7. O-O Bxd2 8.
Nxd2 Nxd2 9. Bxd2 d6 10. e4 Nc6 11. d5 Ne5 12. Be2 Nd7 13. f4 Qe7 14. Bf3 c5
15. Bc3 e5 16. Qd2 f6 17. f5 g6 18. Qf2 Kf7 19. Bd2 g5 20. Bh5+ Kg7 21. h4 h6
22. Rac1 a5 23. Qg3 Kf8 24. Kf2 Ba6 25. Rh1 Qg7 26. Rh3 Ke7 27. a4 Ra7 28. b3
Nf8 29. Rch1 Kd8 30. hxg5 hxg5 31. Bg6 Rxh3 32. Qxh3 Re7 33. Qh8 Kd7 34. Rh6
Bc8 35. Kg3 Kc7 36. Bh5 Nd7 37. Qxg7 Rxg7 38. Rh8 Nb8 39. Rh6 Nd7 40. Be8 1-0

[Event "World Junior Chess Championship U18 b"]
[Site "Gaziantep"]
[Date "2008.08.07"]
[Round "6.27"]
[White "Yashkin, Oleg"]
[Black "Nechepurenko, Roman"]
[Result "0-1"]
[WhiteElo "2307"]
[BlackElo "2476"]
[PlyCount "52"]
[EventDate "2008.08.??"]
[EventType "swiss"]
[EventRounds "13"]
[EventCountry "TUR"]

1. e4 c5 2. Nf3 Nf6 3. Nc3 Nc6 4. Bb5 d6 5. e5 dxe5 6. Nxe5 Qc7 7. Nxc6 bxc6 8.
Be2 Bf5 9. O-O Rd8 10. Re1 e6 11. Bf3 Bd6 12. g3 h5 13. Ne4 Be5 14. Nxf6+ gxf6
15. Bxh5 Ke7 16. Bg4 Rdg8 17. Bxf5 Bxg3 18. fxg3 Rxg3+ 19. Kh1 Rxh2+ 20. Kxh2
Rg8+ 21. Kh1 Qg3 22. Bg4 Rxg4 23. Qxg4 Qxg4 24. Re3 f5 25. b3 f4 26. Ba3 Qh5+
0-1

[Event "World Junior Chess Championship U18 b"]
[Site "Gaziantep"]
[Date "2008.08.07"]
[Round "6.28"]
[White "Borus, Denes"]
[Black "Kjartansson, Gudmundur"]
[Result "1-0"]
[WhiteElo "2472"]
[BlackElo "2328"]
[PlyCount "57"]
[EventDate "2008.08.??"]
[EventType "swiss"]
[EventRounds "13"]
[EventCountry "TUR"]

1. d4 Nf6 2. c4 e6 3. Nf3 b6 4. g3 Ba6 5. Nbd2 Bb4 6. Qc2 Bb7 7. Bg2 Be4 8. Qd1
O-O 9. O-O Bxd2 10. Qxd2 d5 11. b3 Re8 12. Rd1 c5 13. Bb2 Nbd7 14. cxd5 exd5
15. Rac1 Qe7 16. Bh3 Qd6 17. Nh4 Rad8 18. Ba3 Bg6 19. Nxg6 hxg6 20. Qd3 g5 21.
Qa6 g4 22. Bg2 Qe6 23. dxc5 bxc5 24. Qxe6 Rxe6 25. Rd2 Rc8 26. Bxd5 Ra6 27. Bb7
Rxa3 28. Bxc8 Ne5 29. Rxc5 1-0

[Event "World Junior Chess Championship U18 b"]
[Site "Gaziantep"]
[Date "2008.08.07"]
[Round "6.29"]
[White "Sirin, Atakan"]
[Black "Pruijssers, Roeland"]
[Result "1/2-1/2"]
[WhiteElo "2107"]
[BlackElo "2452"]
[PlyCount "98"]
[EventDate "2008.08.??"]
[EventType "swiss"]
[EventRounds "13"]
[EventCountry "TUR"]

1. d4 Nf6 2. Nc3 d5 3. Bg5 c5 4. Bxf6 gxf6 5. e4 dxe4 6. dxc5 Qa5 7. Qh5 Bg7 8.
Bb5+ Nc6 9. Nge2 f5 10. a3 O-O 11. O-O Be6 12. Qg5 Qc7 13. Nf4 Nd4 14. Nh5 Qe5
15. f4 exf3 16. Rae1 h6 17. Qxe7 Ne2+ 18. Nxe2 fxe2 19. Rxe2 Qxb2 20. Nxg7 Qxg7
21. Rf3 Qa1+ 22. Kf2 Qd4+ 23. Kf1 f4 24. Qh4 Qxc5 25. Bd3 Qg5 26. Rxf4 Kh8 27.
Qf2 Rae8 28. Qd4+ f6 29. h4 Qg7 30. Qxa7 Bd5 31. Qf2 Rxe2 32. Bxe2 f5 33. Kg1
Be4 34. Bd3 Bxd3 35. cxd3 Qd7 36. Qb6 Qg7 37. Qf2 Qa1+ 38. Kh2 Qxa3 39. Qd4+
Kh7 40. Qd7+ Kh8 41. Rxf5 Rxf5 42. Qxf5 Qd6+ 43. g3 b6 44. Qe4 Kg7 45. Kg2 h5
46. d4 Qg6 47. Kf3 b5 48. Qxg6+ Kxg6 49. Ke4 b4 1/2-1/2

[Event "World Junior Chess Championship U18 b"]
[Site "Gaziantep"]
[Date "2008.08.07"]
[Round "6.30"]
[White "Ashwin, Jayaram"]
[Black "Mijovic, Stefan"]
[Result "1/2-1/2"]
[WhiteElo "2436"]
[BlackElo "2289"]
[PlyCount "64"]
[EventDate "2008.08.??"]
[EventType "swiss"]
[EventRounds "13"]
[EventCountry "TUR"]

1. d4 d5 2. c4 e6 3. Nf3 Nf6 4. Nc3 Be7 5. Bg5 O-O 6. e3 h6 7. Bh4 b6 8. Qc2
Bb7 9. Bxf6 Bxf6 10. cxd5 exd5 11. g4 c5 12. O-O-O Nc6 13. h4 cxd4 14. exd4 g6
15. Kb1 Bg7 16. Bb5 Qd6 17. h5 g5 18. Rhe1 Rfe8 19. Qd3 Re6 20. Ne2 Rae8 21.
Ng3 Rxe1 22. Nxe1 Qe6 23. f3 a6 24. Bxc6 Bxc6 25. Nc2 Bb5 26. Qd2 Bf8 27. Re1
Qc6 28. Rxe8 Qxe8 29. b3 a5 30. Qe3 Qc6 31. Nf5 a4 32. Kb2 Qc7 1/2-1/2

[Event "World Junior Chess Championship U18 b"]
[Site "Gaziantep"]
[Date "2008.08.07"]
[Round "6.31"]
[White "Baratosi, Daniel"]
[Black "Rzayev, Bahruz"]
[Result "0-1"]
[WhiteElo "2433"]
[BlackElo "2245"]
[PlyCount "156"]
[EventDate "2008.08.??"]
[EventType "swiss"]
[EventRounds "13"]
[EventCountry "TUR"]

1. e4 e5 2. Nf3 Nc6 3. Bb5 a6 4. Ba4 Nf6 5. O-O Be7 6. Re1 b5 7. Bb3 d6 8. c3
O-O 9. h3 Na5 10. Bc2 c5 11. d4 Qc7 12. d5 Nb7 13. b3 Nd8 14. Nbd2 Ne8 15. a4
Rb8 16. axb5 axb5 17. Nf1 g6 18. Bh6 Ng7 19. Qe2 f6 20. Ra2 Nf7 21. Bxg7 Kxg7
22. Rea1 Rb7 23. Ne3 Bd7 24. Bd3 Ng5 25. Nxg5 fxg5 26. Ra5 Rfb8 27. Qd2 h5 28.
Ra6 Bd8 29. Qe2 Be7 30. R1a5 Bd8 31. Ra1 Be7 32. Nc2 g4 33. g3 gxh3 34. Kh2 Rg8
35. Ne3 Bg5 36. R1a2 h4 37. Ra8 hxg3+ 38. fxg3 Rxa8 39. Rxa8 Ra7 40. Rxa7 Qxa7
41. Nc2 Qa5 42. c4 b4 43. Ne1 Qa3 44. Bc2 Qc1 45. Nd3 Qa1 46. Nf2 Qc3 47. Nxh3
Bd2 48. Qd3 Bg4 49. Qxc3 bxc3 50. Kg2 Kf6 51. Nf2 Be2 52. Nd1 Be1 53. Nf2 g5
54. Nh3 Kg6 55. Ng1 Bg4 56. Nh3 Kh6 57. Nf2 Be2 58. Nd3 Bxd3 59. Bxd3 g4 60.
Bc2 Kg6 61. Bd1 Kf6 62. Kh2 Ke7 63. Kg2 Kd7 64. Kh2 Kc7 65. Kg2 Kb6 66. Kf1
Bxg3 67. Ke2 Bf4 68. Kd3 g3 69. Bf3 Bd2 70. Bg2 Ka5 71. Bf3 Kb4 72. Kc2 Be3 73.
Bg2 Bd4 74. Bf3 Ka5 75. Bg2 Kb6 76. Kd3 Kc7 77. Kc2 Kd7 78. Kd3 Ke7 0-1